Partial differential equations 1 : (Record no. 30054)

000 -LEADER
fixed length control field 00660 a2200193 4500
020 ## - INTERNATIONAL STANDARD BOOK NUMBER
International Standard Book Number 1447129806
020 ## - INTERNATIONAL STANDARD BOOK NUMBER
International Standard Book Number 9781447129806
082 ## - DEWEY DECIMAL CLASSIFICATION NUMBER
Classification number 515.353
090 ## - LOCALLY ASSIGNED LC-TYPE CALL NUMBER (OCLC); LOCAL CALL NUMBER (RLIN)
-- 1443
-- 1443
100 1# - MAIN ENTRY--PERSONAL NAME
Personal name Sauvigny, Friedrich.
245 10 - TITLE STATEMENT
Title Partial differential equations 1 :
Remainder of title foundations and integral representations /
Statement of responsibility, etc. Friedrich Sauvigny.
250 ## - EDITION STATEMENT
Edition statement 2nd ed. 2012.
260 ## - PUBLICATION, DISTRIBUTION, ETC.
Place of publication, distribution, etc. [S.l.] :
Name of publisher, distributor, etc. Springer,
Date of publication, distribution, etc. 2012.
300 ## - PHYSICAL DESCRIPTION
Extent 462 p. ;
Dimensions 23 cm.
490 1# - SERIES STATEMENT
Series statement Universitext.
700 ## - ADDED ENTRY--PERSONAL NAME
Personal name Sauvigny, Friedrich.
942 ## - ADDED ENTRY ELEMENTS (KOHA)
Institution code [OBSOLETE] SNS
Koha item type Book
Call number prefix 515.353 SAU
Holdings
Withdrawn status Lost status Damaged status Not for loan Permanent Location Current Location Date acquired Total Checkouts Full call number Barcode Date last seen Price effective from Koha item type
        School of Natural Sciences (SNS) School of Natural Sciences (SNS) 05/26/2016   515.353 SAU SNS0000597 05/26/2016 05/26/2016 Book
© 2023 Central Library, National University of Sciences and Technology. All Rights Reserved.